000
00322cam a2200145ua 4500
041
_a
eng
_h
082
_a
954.01
_b
NIK/ED
100
_a
Nikam, N A .
245
_a
Edicts of Asoka /
_c
N A Nikam.
_h
Textual Documents
300
_a
65 ; .
504
_a
700
1
_a
Mckeon , Chand .
942
_c
BK
999
_c
3344
_d
3344